000 00677nam a2200253Ia 4500
003 OSt
005 20221007101328.0
006 a|||||r|||| 00| 0
007 ta
008 221006b |||||||| |||| 00| 0 eng d
024 _a6,260
037 _cTextual
040 _aLCO
_cLCO
_beng
041 _2eng
_aeng
082 _aZ1,166:g, J6
100 _aKrishnamurthi K.
_9349188
245 0 _aProvincial Insolvency Act
260 _aMadras
_bM. L. Journal India
_c1956
300 _a812
650 _aINSOLVENCY
700 _a Mathrubhutha R.
_9702872
942 _hZ1,166:g, J6
_cTEXL
999 _c1175823
_d1175823